01405nam a22002297a 45000010005000000030006000050050017000110080041000280200018000690400029000870500009001160820014001251000018001392450050001572600032002073000048002395050007002875200799002945210028010935210018011216500036011396512FISKH20250507121834.0250507b cb ||||| |||| 00| 0 eng d a9788956353876 aFISKHbengcFISKHdFISKH aPZ7  a398.20943 aLang, Andrew  aThe princess on the glass hill /cAndrew Lang aSeoul : ebfuture, c2009.  a22 pages : bcolor illustrations ; c21 cm  aG  aEvery year, a mysterious force tramples their father's field, and the three sons take turns guarding it. Only Boots stays awake and discovers the cause: a magical horse. He tames three magical horses on three nights, each more powerful than the last, and receives armor and gear from them. Later, the king offers his daughter’s hand in marriage to anyone who can climb a glass hill and pluck three golden apples she drops from the top. Many noblemen try and fail. Disguised in armor from the magical horses, Boots climbs the hill over three days, catching one apple each day. On the final day, he reveals his identity and proves he is the hero. He wins the princess and is celebrated as a true, unexpected champion. The story highlights themes of humility, perseverance, and hidden strength.8 a380 bLexile estimate 8 aG bRaz-Plus  aCourage vHorses xAchievement